000 00696nam a2200241Ia 4500
003 OSt
005 20220926005418.0
006 a|||||r|||| 00| 0
007 ta
008 220923b |||||||| |||| 00| 0 eng d
037 _cGeneral Book
040 _aRTL
_cRTL
_beng
041 _2eng
_aeng
082 _aX:9F.20m73.N7, M0
100 _aAndiappan P
_9128525
245 0 _aWomen and work
_b A comparative study of sex discri
260 _a New Delhi
_bSomaiva India
_c1980
300 _a155p.
_ccm.
500 _aBib chapterwise and p 141-50
650 _aFull Employment
942 _hX:9F.20m73.N7, M0
_cGB
_2CC
999 _c613741
_d613741